000 00780nam a2200253 i 4500
001 bgj
100 1 _aHOLSCHUH, Louis W.
245 1 0 _aAcademic reading :
_ba content-based approach /
_cLouis W. Holschuh, J. Patrick Kelley.
260 _aNew York :
_bSt. Martin Press,
_ccop. 1988.
300 _aXII, [372] pp ;
_c28 cm.
501 _aJoint ed.: Instructor's manual.
650 9 _aReading (Higher education)
650 9 _aCollege readers
650 9 _aReading comprehension
700 1 _aKELLEY, J. Patrick
020 _a0312002971 (pbk)
020 _a031200298X Instructor's manual
040 _cBPK
041 0 _aeng
920 _a0-312-00297-1 (pbk)
920 _a0-312-00298-X Instructor's manual
942 _cKS
008 s uk f |000 0 eng
999 _c41351
_d41351